Estudio y comprensión de la sociedad 6º educación básica: texto para el estudiante
Guardat en:
| Autors principals: | , , , , , |
|---|---|
| Format: | Llibre |
| Idioma: | espanyol |
| Publicat: |
Santiago
Santillana del Pacífico
2006
|
| Edició: | 1a. ed |
| Matèries: | |
| Etiquetes: |
Afegir etiqueta
Sense etiquetes, Sigues el primer a etiquetar aquest registre!
|
MARC
| LEADER | 00000nam a2200000 a 4500 | ||
|---|---|---|---|
| 001 | UCI0557 | ||
| 003 | CL-VaPUC | ||
| 008 | 070518e20060000CL |||||||||||||||||spa|d | ||
| 020 | |a 9561512734 | ||
| 082 | 0 | 4 | |a 372.83 |b JAR |2 21 |
| 100 | |a Jara Males, Loreto Alejandra |e author |9 528307 | ||
| 700 | 0 | |a Valencia Castañeda, Lucía Victoria |e author |9 520670 | |
| 700 | 0 | |a Ayala Villegas, Estela de Lourdes |e author |9 520671 | |
| 700 | 0 | |a Donoso Rivas, Marina Loreto |e author |9 520672 | |
| 700 | 0 | |a Züñiga Mallea, Nelson Patricio |e author |9 520673 | |
| 700 | 0 | |a Moris Torres, Alvaro Gabriel |e author |9 520674 | |
| 245 | 1 | 0 | |a Estudio y comprensión de la sociedad 6º educación básica: texto para el estudiante |
| 250 | |a 1a. ed | ||
| 300 | |a 196 p | ||
| 942 | |c BK | ||
| 945 | |d 20070518 00:00:00 |a cmena | ||
| 260 | |a Santiago |b Santillana del Pacífico |c 2006 | ||
| 650 | 0 | |a Enseñanza de la geografía |9 310005 | |
| 650 | 0 | |a Enseñanza de la historia |9 307330 | |
| 650 | 0 | |a Educación básica |9 224933 | |
| 650 | 0 | |a Libros de texto |9 270019 | |
| 650 | 0 | |a Métodos de enseñanza |9 270413 | |
| 650 | 0 | |a Geografía de Chile |9 268295 | |
| 650 | 0 | |a Historia de Chile |9 265473 | |
| 583 | |a last modification |c 20140403 09:31:06 |k Rodrigo Vera | ||
| 999 | |c 325645 |d 325643 | ||
| 952 | |0 0 |1 0 |4 0 |6 372_830000000000000_JAR_2006 |7 0 |8 A |9 406866 |a BIBEDU |b BIBEDU |d 2019-11-22 |i 4340922 |o 372.83 JAR 2006 |p 4340922 |r 2019-11-22 |w 2019-11-22 |y BK |k EBA | ||
| 952 | |0 0 |1 0 |4 0 |6 372_830000000000000_JAR_2006 |7 0 |8 A |9 406867 |a BIBEDU |b BIBEDU |d 2019-11-22 |i 4340949 |o 372.83 JAR 2006 |p 4340949 |r 2019-11-22 |w 2019-11-22 |y BK |k EBA | ||
| 952 | |0 0 |1 0 |4 0 |6 372_830000000000000_JAR_2006 |7 0 |8 A |9 406868 |a BIBEDU |b BIBEDU |d 2019-11-22 |i 4340965 |o 372.83 JAR 2006 |p 4340965 |r 2019-11-22 |w 2019-11-22 |y BK |k EBA | ||
| 952 | |0 0 |1 0 |4 0 |6 372_830000000000000_JAR_2006 |7 0 |8 A |9 406869 |a BIBHIS |b BIBHIS |d 2019-11-22 |i 4341031 |o 372.83 JAR 2006 |p 4341031 |r 2025-01-20 |w 2019-11-22 |y BK |k HIS | ||
| 952 | |0 0 |1 0 |4 0 |6 372_830000000000000_JAR_2006 |7 0 |8 A |9 406870 |a BIBHIS |b BIBHIS |d 2019-11-22 |i 4341023 |o 372.83 JAR 2006 |p 4341023 |r 2025-01-20 |w 2019-11-22 |y BK |k HIS | ||
| 952 | |0 0 |1 0 |4 0 |6 372_830000000000000_JAR_2006 |7 0 |8 A |9 406872 |a BIBEDU |b BIBEDU |d 2019-11-22 |i 4434609 |o 372.83 JAR 2006 |p 4434609 |r 2019-11-22 |w 2019-11-22 |y BK |k EBA | ||